Transferencia de fondos de comercio : ley 11.867 comentada, anotada y concordada con doctrina y jurisprudencia /
Guardado en:
| Autor Principal: | |
|---|---|
| Autor Corporativo: | |
| Formato: | Libro |
| Idioma: | Spanish |
| Publicado: |
Buenos Aires :
Ad-Hoc,
2014.
|
| Edición: | 1a. ed. |
| Series: | Colección Leyes nacionales.
|
| Materias: | |
| Etiquetas: |
Agregar Etiqueta
Sin Etiquetas, Sea el primero en etiquetar este registro!
|
| LEADER | 01685nam a22002775a 4500 | ||
|---|---|---|---|
| 001 | EAD.ead004342 | ||
| 008 | 190424s2014####ag#######b####000#0#spa#d | ||
| 005 | 20190506113112.0 | ||
| 245 | 1 | 0 | |a Transferencia de fondos de comercio : |b ley 11.867 comentada, anotada y concordada con doctrina y jurisprudencia / |c Daniel R. Vítolo. |
| 250 | |a 1a. ed. | ||
| 260 | |a Buenos Aires : |b Ad-Hoc, |c 2014. | ||
| 300 | |a 239 p. ; |c 23 cm. | ||
| 490 | 1 | |a Colección Leyes nacionales | |
| 500 | |a Contiene Introducción al régimen de transferencia de fondos de comercio: La empresa. Una mirada sociológica. Contradicciones existentes en el seno de la empresa. Actividad y organización. Relaciones organizacionales. Realidad de las organizaciones. Empresa y fondo de comercio. Elementos comprendidos en la transferencia. Procedimiento para la enajenación. Derechos y obligaciones de las partes. Incumplimiento del régimen legal. La importancia de la Ley de Transferencia de Fondo de Comercio en la actualidad. Ley 11.867. Transmisión de establecimientos comerciales e industriales. Anexo procedimental: Procedimiento para la transferencia de fondos de comercio. | ||
| 504 | |a Incluye referencias bibliográficas (p. [233]-239). | ||
| 020 | |a 9789508949899 | ||
| 100 | 1 | |a Vítolo, Daniel Roque. | |
| 710 | 1 | 2 | |a Argentina |t Ley no. 11.867. |
| 830 | 0 | |a Colección Leyes nacionales. | |
| 082 | 0 | 4 | |a 347.3 |2 19 |
| 650 | 7 | |a Fondo de comercio. |2 isoc | |
| 653 | |a Derecho comercial | ||
| 650 | 7 | |a Jurisprudencia. |2 unbist | |
| 653 | |a Bibliografía básica (CP) | ||
| 859 | |a AR-BaBDC |b BIB. ADMINISTRACION - Libros |h 347.3 |i V833 |p b06947 | ||
| 859 | |a AR-BaBDC |b BIB. ADMINISTRACION - Libros |h 347.3 |i V833 |p b06948 |t Ej.2 | ||
